Little Rock (Record no. 38651)

MARC details
000 -LEADER
fixed length control field 00450nam a2200145Ia 4500
022 ## - INTERNATIONAL STANDARD SERIAL NUMBER
ISSN TE 180 .N33/
050 ## - CALL MARK
Classification number Standard specifications for highway construction
245 #0 - TITLE STATEMENT
Title Little Rock
260 ## - PUBLICATION, DISTRIBUTION, ETC. (IMPRINT)
Place of publication Arkansas state highway and transportation department
260 ## - PUBLICATION, DISTRIBUTION, ETC. (IMPRINT)
Year of publication 536 p. : tables ; 20 cm.
300 ## - PHYSICAL DESCRIPTION
Number of Pages Roads--Specifications--Nebraska--Periodicals.
650 ## - SUBJECT ADDED ENTRY--TOPICAL TERM
Topical Term SR

No items available.